ბათუმის შოთა რუსთაველის სახელმწიფო უნივერსიტეტის ბიბლიოთეკა

5 принципов проактивного мышления / (ბიბ.ჩანაწერი № 62526)

000 -LEADER
fixed length control field 00886nam a22002057a 4500
005 - DATE AND TIME OF LATEST TRANSACTION
control field 20241128160116.0
008 - FIXED-LENGTH DATA ELEMENTS--GENERAL INFORMATION
fixed length control field 241128s2015 ru ||||| |||| 00| 0 rus d
020 ## - INTERNATIONAL STANDARD BOOK NUMBER
International Standard Book Number 9785000575291X
041 ## - LANGUAGE CODE
Language code of text/sound track or separate title rus
080 ## - UNIVERSAL DECIMAL CLASSIFICATION NUMBER
Universal Decimal Classification number 159 M-60
100 ## - MAIN ENTRY--PERSONAL NAME
Personal name Миллер Джон
Relator term Aвтор
9 (RLIN) 23824
245 ## - TITLE STATEMENT
Title 5 принципов проактивного мышления /
Statement of responsibility, etc. Джон Миллер, пер. с анг. Елены Бузниковой
264 ## - PRODUCTION, PUBLICATION, DISTRIBUTION, MANUFACTURE, AND COPYRIGHT NOTICE
Place of production, publication, distribution, manufacture Москва :
Name of producer, publisher, distributor, manufacturer Манн Иванов и Фербер,
Date of production, publication, distribution, manufacture, or copyright notice 2015.
300 ## - PHYSICAL DESCRIPTION
Extent 144 стр.:
Other physical details 22 cm.
653 ## - INDEX TERM--UNCONTROLLED
keyword 5 принципов проактивного мышления
653 ## - INDEX TERM--UNCONTROLLED
keyword პროაქტიული აზროვნების 5 პრინციპი
653 ## - INDEX TERM--UNCONTROLLED
keyword ფსიქოლოგია
700 ## - ADDED ENTRY--PERSONAL NAME
Personal name Бузниковой, Елены
Relator term მთარგმნელი
9 (RLIN) 23825
942 ## - ADDED ENTRY ELEMENTS (KOHA)
Source of classification or shelving scheme
Koha item type წიგნი
ეგზემპლარები
Withdrawn status Lost status Source of classification or shelving scheme Damaged status Not for loan Permanent Location Current Location Shelving location Date acquired Cost, normal purchase price Full call number Barcode Date last seen Copy number Price effective from Koha item type Public note
          ბათუმის შოთა რუსთაველის სახელმწიფო უნივერსიტეტის მთავარი ბიბლიოთეკა ბათუმის შოთა რუსთაველის სახელმწიფო უნივერსიტეტის მთავარი ბიბლიოთეკა წიგნსაცავი 2024-11-28 171.00 159.9 M-60 69885 2024-11-28 69885 2024-11-28 წიგნი 171.00